000 00298nam a22001337a 4500
008 170602b xxu||||| |||| 00| 0 eng d
020 _a0520063894
041 _aeng
080 _a94
100 _a17
101 _aSHH
245 _aEVOLUTION THE HISTORY OF AN IDEA
_cBOWLER,P.J
942 _2udc
_cBK
999 _c15709
_d15709